Destinations from Bremen Airport (BRE) - Statistics

General Stats
  • This quiz has been taken 83 times
  • The average score is 20 of 27
Answer Stats
Country Airlines Destination % Correct
Germany Lufthansa Munich / MUC
100%
Netherlands KLM Amsterdam / AMS
97%
Germany Lufthansa Frankfurt / FRA
94%
Turkey Turkish Airlines Istanbul / IST
94%
UK Ryanair London Stansted / STN
91%
Portugal Ryanair Porto / OPO
87%
Lebanon SundAir Beyrut / BEY
86%
Lithuania Ryanair Vilnius / VNO
84%
Turkey Corendon,Mavi Gök, Pegasus, SundAir, SunExpress, Tailwind Antalya / AYT
80%
Turkey SunExpress Izmir / ADB
80%
Spain Eurowings,Ryanair, SundAir Palma de Mallorca / PMI
80%
North Macedonia Wizz Air Skopje / SKP
80%
Germany Eurowings Stuttgart / STR
80%
Kosovo Trade Air Pristina / PRN
78%
Greece SundAir Thessaloniki / SKG
74%
Spain Ryanair Alicante / ALC
71%
Spain SundAir Gran Canaria / LPA
71%
Spain Ryanair Malaga / AGP
71%
Greece SundAir Rhodes / RHO
71%
Egypt Sky Vision,SundAir Hurghada / HRG
70%
Greece Aegean,SundAir Heraklion / HER
68%
Spain SundAir Teneriffe / TFS
67%
Greece SundAir Kos / KGS
59%
Spain SundAir Fuerteventura / FUE
54%
Croatia Ryanair Zadar / ZAD
54%
Greece Ryanair Chania / CHQ
51%
Tunisia SundAir Monastir / MIR
36%
No matching quizzes found
Score Distribution
Percent of People with Each Score
Percentile by Number Answered
Your Score History
You have not taken this quiz